000 00672nam a22002057a 4500
003 OSt
005 20160921190026.0
008 160921b xxu||||| |||| 00| 0 eng d
020 _a9780471269830
040 _cDDC
082 _a004.2 OBA 2010
100 _aObaidat, Mohammad S.; Boudriga, Noureddine A.
_911087
245 _aFoundamentals of Performance evaluation of Computer and Telecommunication systems
260 _aNewJersey; John Wiley, 2010
300 _axv,459p; ill: 24cm
504 _aReferences, answers, & index included
650 _aComputer systems- evaluation
_911088
650 _aTelecommunication systems- evaluation
_911089
942 _2z
_cO_SHELF
999 _c5265
_d5265